00410nam a2200145 a 450000100100000000500170001000800410002704000250006808200160009311000270010924000170013624500310015326000580018430000220024200003384020200930070548.0100222s1899 dr 001 0 spa d aDO-SdBNPbspacBNPHU axxxxbR426l1 aRepública Dominicana13a[Leyes etc.]10aLey general de estudios /. aSanto Domingo :bImprenta de García Hermano,c1899. a30 p. : ;c23 cm.